000
00263nam a22001217a 4500
041
_a
ENG
100
_a
ICAR
245
_a
Handbook of Horticulture Volume-2
260
_a
New Delhi
_b
ICAR
_c
2019
300
_a
1218
650
_a
Horticulture
856
_u
Horticulture
999
_c
3201
_d
3201